ՀՀ Գիտությունների ազգային ակադեմիայի հիմնարար գիտական գրադարան  =   Fundamental Scientific Library of NAS RA
Normal view MARC view

Entry Personal Name

Number of records used in: 3

001 - CONTROL NUMBER

  • control field: 3996

003 - CONTROL NUMBER IDENTIFIER

  • control field: AM-YEHGA

005 - DATE AND TIME OF LATEST TRANSACTION

  • control field: 20250617070448.0

008 - FIXED-LENGTH DATA ELEMENTS

  • fixed length control field: 110406 a|ac|n|aab||||||||||||a |n|||||||

040 ## - CATALOGING SOURCE

  • Original cataloging agency: AM-YEHGA

100 1# - HEADING--PERSONAL NAME

  • Personal name: Ադամյան, Կառլեն Նիկոլայի,
  • Dates associated with a name: 1934-

400 1# - SEE FROM TRACING--PERSONAL NAME

  • Personal name: Ադամյան, Կ.Ն.
  • Titles and other words associated with a name: (Կառլեն Նիկոլայի),
  • Dates associated with a name: 1934-

400 1# - SEE FROM TRACING--PERSONAL NAME

  • Personal name: Ադամյան, Կ.Ն.

400 1# - SEE FROM TRACING--PERSONAL NAME

  • Personal name: Адамян, Карлен Николаевич,
  • Dates associated with a name: 1934-

400 1# - SEE FROM TRACING--PERSONAL NAME

  • Personal name: Adamyan, Karlen Nikolayi,
  • Dates associated with a name: 1934-

670 ## - SOURCE DATA FOUND

  • Source citation: Ով ով է. հայեր, կենսագրական հանրագիտարան, (Հ. 1) 2005 :
  • Information found: Ադամյան Կառլեն Նիկոլայի [ծ. 12.11.1934, գ. Ներքին Հոռաթաղ (այժմ՝ ԼՂՀ Մարտակերտի շրջ.], ճարտարագետ, էներգետիկ-մեխանիկոս: Տեխ. գիտ. դ-ր (2000), պրոֆ. (1997):

670 ## - SOURCE DATA FOUND

  • Source citation: Տեխնոլոգիական գործընթացների կառավարման վիճակագրական մեթոդներ : Ուս. ձեռնարկ, 1999 :
  • Information found: տիտղթ. (Կ.Ն. Ադամյան)


ՀՀ ԳԱԱ հիմնարար գիտական գրադարան
ՀՀ,Երևան 0019
Մարշալ Բաղրամյան 24/6
հեռախոս:(374-10) 52-47-50
Հետադարձ կապ

All site content, except where otherwise noted, is licensed under a
Creative Commons License